[Event "45th Olympiad 2024"]
[Site "Budapest HUN"]
[Date "2024.09.13"]
[Round "3.7"]
[Board "2"]
[White "Bluebaum, Matthias"]
[Black "Pultinevicius, Paulius"]
[Result "1/2-1/2"]
[WhiteTitle "GM"]
[BlackTitle "GM"]
[WhiteElo "2640"]
[BlackElo "2587"]
[WhiteTeam "Germany"]
[BlackTeam "Lithuania"]
[WhiteFideId "24651516"]
[BlackFideId "12809390"]
[EventDate "2024.09.11"]

1. d4 Nf6 2. c4 e6 3. Nc3 d5 4. cxd5 exd5 5. Bg5 c6 6. e3 h6 7. Bh4 Be7 8. Bd3
O-O 9. Nge2 Re8 10. O-O Nbd7 11. f3 b5 12. Rc1 Bb7 13. Qd2 a6 14. Bf5 g6 15. Bh3
Nb6 16. b3 Nh7 17. Bxe7 Qxe7 18. Nd1 Ng5 19. Nf4 a5 20. Re1 a4 21. Nf2 axb3 22.
axb3 Ra3 23. Rb1 Rea8 24. N4d3 Ra2 25. Rb2 Ra1 26. Nc5 R8a3 27. Reb1 R3a2 28.
Qe1 Rxb1 29. Rxb1 h5 30. e4 dxe4 31. fxe4 Nxh3+ 32. Nxh3 Bc8 33. Nf2 Qg5 34. Qc3
b4 35. Qg3 Qd2 36. Rd1 Qb2 37. h3 Nd7 38. Na4 Qe2 39. Qf3 Qxf3 40. gxf3 Ba6 41.
Nd3 Bxd3 42. Rxd3 h4 43. Nc5 Nxc5 44. dxc5 Rb2 45. Rd6 Rxb3 46. Kf2 Rc3 47. Rxc6
b3 48. Rb6 Kf8 49. Rb7 Ke8 50. c6 Kd8 51. e5 g5 52. Rxf7 Rxc6 53. Rb7 Rc3 54. e6
Ke8 55. Ke2 g4 56. fxg4 Rxh3 57. Kf2 Rg3 58. g5 Rxg5 59. Rxb3 Ke7 1/2-1/2

[Event "45th Olympiad 2024"]
[Site "Budapest HUN"]
[Date "2024.09.13"]
[Round "3.8"]
[Board "1"]
[White "Vitiugov, Nikita"]
[Black "Bjerre, Jonas Buhl"]
[Result "1/2-1/2"]
[WhiteTitle "GM"]
[BlackTitle "GM"]
[WhiteElo "2676"]
[BlackElo "2648"]
[WhiteTeam "England"]
[BlackTeam "Denmark"]
[WhiteFideId "4152956"]
[BlackFideId "1444948"]
[EventDate "2024.09.11"]

1. e4 e5 2. Nf3 Nc6 3. Bc4 Bc5 4. d3 Nf6 5. Nc3 a6 6. Be3 Bb4 7. O-O Bxc3 8.
bxc3 d6 9. Ng5 O-O 10. f4 h6 11. Nf3 d5 12. exd5 Nxd5 13. Bc5 Re8 14. Nxe5 Nxe5
15. fxe5 Rxe5 16. Bd4 Rg5 17. h4 Rf5 18. Rxf5 Bxf5 19. Qf3 Be6 20. a4 f6 21. a5
Qd6 22. Rb1 Rb8 23. Qf2 Bf7 24. Re1 Re8 25. Rxe8+ Bxe8 26. Bb3 Bf7 27. Qf3 c6
28. Qg4 Qe7 29. Kf2 Be6 30. Qg3 c5 31. c4 Nb4 32. Be3 Nc6 33. Bxh6 Nxa5 34. Ba4
Nc6 35. Bxc6 bxc6 36. Be3 Bf7 37. Ke2 Bh5+ 38. Kd2 Qd8 39. Kc1 Kh7 40. Bxc5 Qa5
41. Bd4 Qb4 42. Qe3 a5 43. Bc5 Qc3 44. Bd4 Qa3+ 45. Kd2 Qd6 46. Bc5 Qd7 47. Qe4+
Kg8 48. Kc3 Kf7 49. Qh7 Qg4 50. Qh8 Qe2 51. Qf8+ Kg6 52. Qb8 Kh7 53. Qg3 Kg8 54.
Bd4 Kh7 55. Kb2 a4 56. Bc5 Kg8 57. Bb4 Bg4 58. Bc3 Kh7 59. Bd4 Bh5 60. Bc5 Kg8
61. Kc3 Bg4 62. Ba3 Bh5 63. Bd6 Qd1 64. Kb2 Qd2 65. Qf4 1/2-1/2

[Event "45th Olympiad 2024"]
[Site "Budapest HUN"]
[Date "2024.09.13"]
[Round "3.8"]
[Board "4"]
[White "Olsen, Filip Boe"]
[Black "Jones, Gawain C B"]
[Result "1/2-1/2"]
[WhiteTitle "IM"]
[BlackTitle "GM"]
[WhiteElo "2441"]
[BlackElo "2646"]
[WhiteTeam "Denmark"]
[BlackTeam "England"]
[WhiteFideId "1440640"]
[BlackFideId "409561"]
[EventDate "2024.09.11"]

1. d4 Nf6 2. Nf3 g6 3. Bf4 Bg7 4. e3 d6 5. h3 O-O 6. Be2 Nbd7 7. a4 b6 8. O-O a5
9. Nc3 Bb7 10. Re1 e6 11. Bb5 Ne4 12. Nxe4 Bxe4 13. c3 h6 14. Bg3 Nf6 15. Nd2
Bb7 16. e4 e5 17. Bh4 Qc8 18. d5 Ba6 19. Bc6 Bb7 20. Bb5 Kh8 21. b4 Nh5 22. bxa5
bxa5 23. c4 Nf4 24. c5 dxc5 25. Be7 Rg8 26. Bxc5 c6 27. dxc6 Bxc6 28. Be3 Qd7
29. Qb3 Rgc8 30. Bxc6 Rxc6 31. Nf3 Qc7 32. Bxf4 exf4 33. Rab1 Rc4 34. e5 Re8 35.
Qb5 Re7 36. h4 Rc5 37. Qb8+ Kh7 38. Qxc7 Rexc7 39. Rb5 Rxb5 40. axb5 Rb7 41. Rb1
Bf8 42. Nd2 Bb4 43. Nc4 Rxb5 44. Nxa5 Rxa5 45. Rxb4 g5 46. Rb7 Kg8 47. Rb6 Kg7
48. e6 f5 49. h5 Ra1+ 50. Kh2 Re1 51. f3 Re2 52. e7 Rxe7 53. Rg6+ Kh7 54. Rf6
Re5 55. Kg1 Ra5 56. Rf7+ Kg8 57. Rf6 Kg7 58. Rg6+ Kf7 59. Rxh6 g4 60. fxg4 fxg4
61. g3 Ra1+ 62. Kf2 Ra2+ 63. Kf1 Ra1+ 64. Kf2 Ra2+ 1/2-1/2

[Event "45th Olympiad 2024"]
[Site "Budapest HUN"]
[Date "2024.09.13"]
[Round "3.9"]
[Board "1"]
[White "Maghsoodloo, Parham"]
[Black "Mchedlishvili, Mikheil"]
[Result "1-0"]
[WhiteTitle "GM"]
[BlackTitle "GM"]
[WhiteElo "2723"]
[BlackElo "2574"]
[WhiteTeam "Iran"]
[BlackTeam "Georgia"]
[WhiteFideId "12539929"]
[BlackFideId "13600966"]
[EventDate "2024.09.11"]

1. c4 Nf6 2. Nc3 d5 3. cxd5 Nxd5 4. Qa4+ Nc6 5. Nf3 g6 6. h4 Nb6 7. Qd1 Bg4 8.
Nh2 Bf5 9. e4 Be6 10. Bb5 Bg7 11. Nf3 Bg4 12. Bxc6+ bxc6 13. Qc2 Qd7 14. Nh2 Be6
15. b3 O-O 16. Bb2 Rfd8 17. Ne2 c5 18. h5 c4 19. hxg6 hxg6 20. Nf3 cxb3 21. axb3
Qd3 22. Qxd3 Rxd3 23. Bxg7 Kxg7 24. Ng5 Kg8 25. Nf4 Rxb3 26. Nfxe6 fxe6 27. Rh6
a5 28. Ke2 Kf8 29. Rh8+ Kg7 30. Rh7+ 1-0

[Event "45th Olympiad 2024"]
[Site "Budapest HUN"]
[Date "2024.09.13"]
[Round "3.9"]
[Board "2"]
[White "Paichadze, Luka"]
[Black "Tabatabaei, M. Amin"]
[Result "1/2-1/2"]
[WhiteTitle "GM"]
[BlackTitle "GM"]
[WhiteElo "2516"]
[BlackElo "2714"]
[WhiteTeam "Georgia"]
[BlackTeam "Iran"]
[WhiteFideId "13602934"]
[BlackFideId "12521213"]
[EventDate "2024.09.11"]

1. e4 e5 2. Nf3 Nc6 3. d4 exd4 4. Nxd4 Nf6 5. Nxc6 bxc6 6. Bd3 d5 7. exd5 cxd5
8. O-O Be7 9. h3 O-O 10. Nd2 c5 11. b3 Qc7 12. Re1 h6 13. Bb2 Be6 14. Qf3 Rad8
15. Bf5 Bxf5 16. Qxf5 Qd7 17. Qf3 Nh7 18. Re2 Bf6 19. Bxf6 Nxf6 20. Rae1 Rfe8
21. Qd3 Rxe2 22. Rxe2 Re8 23. Rxe8+ Qxe8 24. Nf3 Qc6 25. Qe3 Kf8 26. Ne5 Qc7 27.
Nd3 Nd7 28. Qd2 Nf6 29. Qe1 c4 30. Qe5 Qc8 31. Nb4 cxb3 32. axb3 Kg8 33. Nxd5
Nxd5 34. Qxd5 Qxc2 35. Qa8+ Kh7 36. Qxa7 Qxb3 1/2-1/2

[Event "45th Olympiad 2024"]
[Site "Budapest HUN"]
[Date "2024.09.13"]
[Round "3.10"]
[Board "1"]
[White "Peralta, Fernando"]
[Black "Duda, Jan-Krzysztof"]
[Result "0-1"]
[WhiteTitle "GM"]
[BlackTitle "GM"]
[WhiteElo "2558"]
[BlackElo "2732"]
[WhiteTeam "Argentina"]
[BlackTeam "Poland"]
[WhiteFideId "105309"]
[BlackFideId "1170546"]
[EventDate "2024.09.11"]

1. d4 Nf6 2. c4 c5 3. d5 g6 4. Nc3 Bg7 5. e4 d6 6. h3 O-O 7. Nf3 e6 8. Bd3 exd5
9. exd5 Re8+ 10. Be3 Rxe3+ 11. fxe3 Qe7 12. O-O Nbd7 13. Qe1 h6 14. Qf2 Nh7 15.
Ne4 Ne5 16. Nxe5 Bxe5 17. Nc3 Bd7 18. Ne2 Be8 19. Nf4 Nf6 20. Rae1 Nd7 21. Bc2
a6 22. a4 b6 23. Nd3 Bg7 24. b4 cxb4 25. Nxb4 Ne5 26. Bb3 Qc7 27. Rd1 b5 28. c5
dxc5 29. d6 Qa7 30. Nd5 c4 31. Bc2 Rd8 32. Nf6+ Bxf6 33. Qxf6 Qxe3+ 34. Kh1 Qg5
35. Qxg5 hxg5 0-1

[Event "45th Olympiad 2024"]
[Site "Budapest HUN"]
[Date "2024.09.13"]
[Round "3.10"]
[Board "2"]
[White "Wojtaszek, Radoslaw"]
[Black "Felgaer, Ruben"]
[Result "1-0"]
[WhiteTitle "GM"]
[BlackTitle "GM"]
[WhiteElo "2681"]
[BlackElo "2563"]
[WhiteTeam "Poland"]
[BlackTeam "Argentina"]
[WhiteFideId "1118358"]
[BlackFideId "107069"]
[EventDate "2024.09.11"]

1. d4 d5 2. c4 c6 3. Nf3 Nf6 4. Nc3 dxc4 5. a4 Bf5 6. Ne5 Nbd7 7. Nxc4 Nb6 8.
Ne5 a5 9. h4 h6 10. f3 Nfd7 11. e4 Bh7 12. Nd3 e6 13. Be3 Bd6 14. Bf2 Qc7 15.
Qc2 Bg3 16. Bxg3 Qxg3+ 17. Qf2 Qd6 18. Be2 Qe7 19. f4 Nc4 20. Bf3 O-O 21. Rd1
Rad8 22. O-O Kh8 23. Rfe1 f6 24. Bg4 Ncb6 25. d5 e5 26. Be6 cxd5 27. exd5 Bxd3
28. Rxd3 Nc5 29. Rf3 Nbxa4 30. Nxa4 Nxa4 31. fxe5 fxe5 32. Rxe5 Rxf3 33. gxf3
Qf6 34. f4 b6 35. Bf5 Nc5 36. h5 Nd7 37. Bxd7 Rxd7 38. Re8+ Kh7 39. Qc2+ g6 40.
Qe4 Rg7 41. Re6 Qf5 42. Qxf5 gxf5+ 43. Kf2 1-0

[Event "45th Olympiad 2024"]
[Site "Budapest HUN"]
[Date "2024.09.13"]
[Round "3.11"]
[Board "1"]
[White "Suleymanli, Aydin"]
[Black "Schitco, Ivan"]
[Result "1-0"]
[WhiteTitle "GM"]
[BlackTitle "GM"]
[WhiteElo "2632"]
[BlackElo "2527"]
[WhiteTeam "Azerbaijan"]
[BlackTeam "Moldova"]
[WhiteFideId "13413937"]
[BlackFideId "13905465"]
[EventDate "2024.09.11"]

1. e4 c6 2. d4 d5 3. e5 Bf5 4. Nf3 e6 5. Be2 a6 6. O-O Bg6 7. Nbd2 c5 8. c4 Nc6
9. cxd5 exd5 10. a3 Rc8 11. dxc5 Bxc5 12. b4 Ba7 13. Bb2 Nge7 14. e6 f6 15. Nh4
O-O 16. Nxg6 hxg6 17. Bd3 Qd6 18. Re1 Ne5 19. Nf3 N7c6 20. e7 Rfe8 21. Nxe5 fxe5
22. Qg4 Qf6 23. Kh1 Nxe7 24. Rxe5 Qf7 25. Rae1 Rc6 26. Qd7 Kf8 27. Qxb7 Bxf2 28.
Qxc6 Bxe1 29. Qxa6 Bh4 30. Re3 Nf5 31. Rf3 Re1+ 32. Rf1 Kg8 33. Rxe1 Bxe1 34.
Qc8+ Kh7 35. Qc1 Qe6 36. Qf4 Bh4 37. Qe5 Qd7 38. Qe2 d4 39. b5 Bf6 40. Qe4 Qc7
41. g3 Qa5 42. Qe2 Ne3 43. Bc1 Qc3 44. Bxe3 dxe3 45. Qxe3 Qb2 46. h4 Qe5 47.
Qxe5 Bxe5 48. Kg2 Bc7 49. g4 Kh6 50. g5+ Kh7 51. Kf3 1-0

[Event "45th Olympiad 2024"]
[Site "Budapest HUN"]
[Date "2024.09.13"]
[Round "3.11"]
[Board "3"]
[White "Mamedyarov, Shakhriyar"]
[Black "Lashkin, Jegor"]
[Result "1-0"]
[WhiteTitle "GM"]
[BlackTitle "FM"]
[WhiteElo "2733"]
[BlackElo "2472"]
[WhiteTeam "Azerbaijan"]
[BlackTeam "Moldova"]
[WhiteFideId "13401319"]
[BlackFideId "13907808"]
[EventDate "2024.09.11"]

1. c4 e5 2. Nc3 Nf6 3. Nf3 Nc6 4. a3 d5 5. cxd5 Nxd5 6. Qc2 Be7 7. e3 O-O 8. Bd3
g6 9. Nxd5 Qxd5 10. b4 Be6 11. Bb2 Rfd8 12. Be4 Qb5 13. h4 Bf6 14. h5 Kg7 15.
Rb1 a5 16. bxa5 Ba2 17. Rc1 Bd5 18. Bc3 Nd4 19. exd4 Bxe4 20. Qxe4 exd4 21. Nxd4
Rxd4 22. Bxd4 Re8 23. h6+ Kf8 24. Bc5+ Kg8 25. Qxe8+ Qxe8+ 26. Be3 Be5 27. O-O
Qa4 28. Rfe1 f6 29. Bc5 g5 30. d4 Bf4 31. Rb1 Qc6 32. Re7 g4 33. a6 Qxa6 34.
Rg7+ Kh8 35. Re1 Qa4 36. g3 Bxh6 37. Rxc7 Qa8 38. d5 Qd8 39. d6 Bf8 40. Rxb7 Kg8 1-0

[Event "45th Olympiad 2024"]
[Site "Budapest HUN"]
[Date "2024.09.13"]
[Round "3.12"]
[Board "1"]
[White "Albornoz Cabrera, Carlos Daniel"]
[Black "Shirov, Alexei"]
[Result "1-0"]
[WhiteTitle "GM"]
[BlackTitle "GM"]
[WhiteElo "2579"]
[BlackElo "2666"]
[WhiteTeam "Cuba"]
[BlackTeam "Spain"]
[WhiteFideId "3518736"]
[BlackFideId "2209390"]
[EventDate "2024.09.11"]

1. e4 e6 2. d4 d5 3. Nd2 c5 4. Ngf3 cxd4 5. exd5 Qxd5 6. Bc4 Qd7 7. O-O Nc6 8.
Nb3 a6 9. Nbxd4 Nxd4 10. Nxd4 Qc7 11. Qe2 Bd6 12. Nf5 Bxh2+ 13. Kh1 Qe5 14.
Nxg7+ Qxg7 15. Kxh2 Ne7 16. Rd1 Bd7 17. Rd3 Nf5 18. Bd5 Nd4 19. Qe4 f5 20. Qxd4
Qxd4 21. Rxd4 exd5 22. Rxd5 Be6 23. Rd6 Kf7 24. Bg5 Rhg8 25. Re1 Rae8 26. f4
Bxa2 27. Rd7+ Kg6 28. Be7 Rc8 29. Re3 h6 30. Bb4 Rcd8 31. Rde7 Bd5 32. Bc3 Be4
33. g4 Rde8 34. gxf5+ Kxf5 35. R3xe4 1-0

[Event "45th Olympiad 2024"]
[Site "Budapest HUN"]
[Date "2024.09.13"]
[Round "3.12"]
[Board "2"]
[White "Anton Guijarro, David"]
[Black "Quesada Perez, Luis Ernesto"]
[Result "1-0"]
[WhiteTitle "GM"]
[BlackTitle "GM"]
[WhiteElo "2665"]
[BlackElo "2578"]
[WhiteTeam "Spain"]
[BlackTeam "Cuba"]
[WhiteFideId "2285525"]
[BlackFideId "3520773"]
[EventDate "2024.09.11"]

1. e4 e5 2. Nf3 Nc6 3. Bb5 f5 4. d3 fxe4 5. dxe4 Nf6 6. O-O d6 7. Nc3 Be7 8. Be3
a6 9. Bc4 Na5 10. Bd3 O-O 11. Nd5 Nc6 12. h3 Nxd5 13. exd5 Nb8 14. a4 a5 15. Ra3
Qe8 16. Rc3 Bd8 17. Ng5 Bxg5 18. Bxg5 Na6 19. Bb5 Bd7 20. Bxa6 Rxa6 21. Rxc7 Bf5
22. Kh2 Qxa4 23. f4 Raa8 24. fxe5 dxe5 25. d6 h6 26. Qd5+ Kh7 27. Qxe5 Bd7 28.
b3 Qb5 29. Qxb5 Bxb5 30. Rxf8 Rxf8 31. Be7 1-0

[Event "45th Olympiad 2024"]
[Site "Budapest HUN"]
[Date "2024.09.13"]
[Round "3.12"]
[Board "4"]
[White "Pichot, Alan"]
[Black "Almeida Quintana, Omar"]
[Result "1-0"]
[WhiteTitle "GM"]
[BlackTitle "GM"]
[WhiteElo "2628"]
[BlackElo "2492"]
[WhiteTeam "Spain"]
[BlackTeam "Cuba"]
[WhiteFideId "110973"]
[BlackFideId "3503313"]
[EventDate "2024.09.11"]

1. e4 d6 2. d4 Nf6 3. Nc3 e5 4. Nf3 Nbd7 5. Rg1 c6 6. g4 h6 7. Be3 b5 8. a3 Bb7
9. h4 h5 10. gxh5 Rxh5 11. Bh3 g6 12. Rg5 Be7 13. Rxh5 Nxh5 14. Bxd7+ Qxd7 15.
dxe5 O-O-O 16. Qe2 dxe5 17. Nxe5 Qe6 18. Nd3 Bxh4 19. Bxa7 Qh3 20. O-O-O Bg5+
21. Kb1 Nf4 22. Qd2 Ne6 23. f4 Bh6 24. Bb6 Rd7 25. Qf2 Bg7 26. f5 gxf5 27. exf5
Ng5 28. Re1 Qh8 29. Qe3 1-0

[Event "45th Olympiad 2024"]
[Site "Budapest HUN"]
[Date "2024.09.13"]
[Round "3.13"]
[Board "1"]
[White "Vachier-Lagrave, Maxime"]
[Black "Kadric, Denis"]
[Result "1/2-1/2"]
[WhiteTitle "GM"]
[BlackTitle "GM"]
[WhiteElo "2731"]
[BlackElo "2553"]
[WhiteTeam "France"]
[BlackTeam "Montenegro"]
[WhiteFideId "623539"]
[BlackFideId "14403803"]
[EventDate "2024.09.11"]

1. e4 e5 2. Nf3 Nf6 3. Nxe5 d6 4. Nf3 Nxe4 5. d4 d5 6. Bd3 Be7 7. O-O Nc6 8.
Nbd2 Bf5 9. Re1 Nxd2 10. Qxd2 Bxd3 11. Qxd3 O-O 12. Re2 a6 13. Bf4 Qd7 14. h4
Rae8 15. h5 Bd8 16. Rxe8 Rxe8 17. h6 Re4 18. Be3 g6 19. c4 Be7 20. Rc1 f6 21. g3
Bf8 22. Nd2 Re8 23. Qb3 Na5 24. Qc3 Nc6 25. Qb3 Na5 26. Qc3 Nc6 27. Qb3 1/2-1/2

[Event "45th Olympiad 2024"]
[Site "Budapest HUN"]
[Date "2024.09.13"]
[Round "3.14"]
[Board "1"]
[White "Kuybokarov, Temur"]
[Black "Volokitin, Andrei"]
[Result "1/2-1/2"]
[WhiteTitle "GM"]
[BlackTitle "GM"]
[WhiteElo "2562"]
[BlackElo "2660"]
[WhiteTeam "Australia"]
[BlackTeam "Ukraine"]
[WhiteFideId "14203049"]
[BlackFideId "14107090"]
[EventDate "2024.09.11"]

1. e4 c5 2. Nf3 d6 3. d4 cxd4 4. Nxd4 Nf6 5. Nc3 a6 6. Bg5 e6 7. f4 Qb6 8. Qd2
Qxb2 9. Rb1 Qa3 10. f5 Nc6 11. fxe6 Bxe6 12. Rxb7 Nxd4 13. Qxd4 Be7 14. Bd3 h6
15. Bd2 Qc5 16. Qxc5 dxc5 17. Rf1 c4 18. Be2 Ba3 19. Be3 O-O 20. Bd4 Rfb8 21.
Rxb8+ Rxb8 22. Kd2 Rd8 23. Ke3 Be7 24. Bxf6 Bxf6 25. Nd5 Bxd5 26. exd5 Rxd5 27.
Bxc4 Rg5 28. g3 Rg4 29. Bb3 Kf8 30. Rd1 Ke7 31. Re1 Rg5 32. Kf4+ Kf8 33. Rd1 Ke7
34. Re1+ Kf8 35. Re4 h5 36. h3 Rc5 37. Rc4 Rxc4+ 38. Bxc4 a5 39. Ke4 Bc3 40. g4
hxg4 41. hxg4 Ke7 42. a4 f6 43. Kd5 Kd7 1/2-1/2

[Event "45th Olympiad 2024"]
[Site "Budapest HUN"]
[Date "2024.09.13"]
[Round "3.14"]
[Board "2"]
[White "Ivanchuk, Vasyl"]
[Black "Cheng, Bobby"]
[Result "0-1"]
[WhiteTitle "GM"]
[BlackTitle "GM"]
[WhiteElo "2635"]
[BlackElo "2588"]
[WhiteTeam "Ukraine"]
[BlackTeam "Australia"]
[WhiteFideId "14100010"]
[BlackFideId "4300033"]
[EventDate "2024.09.11"]

1. e4 e6 2. d4 d5 3. exd5 exd5 4. Nf3 Bd6 5. c4 c6 6. Nc3 Nf6 7. Bd3 O-O 8. O-O
h6 9. Re1 dxc4 10. Bxc4 Bg4 11. h3 Bxf3 12. Qxf3 Nbd7 13. Bb3 Nb6 14. Bd2 Bc7
15. Ne4 Nbd5 16. Nc5 Rb8 17. a3 Bb6 18. Bc2 Re8 19. Rxe8+ Qxe8 20. b4 Bxc5 21.
dxc5 Rd8 22. Re1 Qd7 23. Bf5 Qc7 24. g3 Kf8 25. Bc1 a5 26. Bb2 Re8 27. Rxe8+
Nxe8 28. b5 Qe7 29. Bd4 Nec7 30. Qg4 Nf6 31. Qf4 Nfd5 32. Qg4 Nf6 33. Bxf6 Qxf6
34. Qf4 Qe7 35. bxc6 bxc6 36. Be4 g5 37. Qf5 Qe6 38. Qf3 Nb5 39. Bxc6 Nd4 40.
Qd5 Nxc6 0-1

[Event "45th Olympiad 2024"]
[Site "Budapest HUN"]
[Date "2024.09.13"]
[Round "3.14"]
[Board "3"]
[White "Zhao, Zong-Yuan"]
[Black "Ponomariov, Ruslan"]
[Result "0-1"]
[WhiteTitle "GM"]
[BlackTitle "GM"]
[WhiteElo "2478"]
[BlackElo "2654"]
[WhiteTeam "Australia"]
[BlackTeam "Ukraine"]
[WhiteFideId "3202534"]
[BlackFideId "14103320"]
[EventDate "2024.09.11"]

1. e4 e5 2. Nf3 Nc6 3. Bb5 Nf6 4. d3 Bc5 5. Bxc6 dxc6 6. Nbd2 Qe7 7. Nc4 Nd7 8.
Qe2 a5 9. a4 b6 10. O-O Ba6 11. b3 f6 12. Nh4 g6 13. g3 Nf8 14. Be3 Ne6 15. Bxc5
Qxc5 16. Qe3 Nd4 17. Rfc1 O-O-O 18. Nf3 Bxc4 19. bxc4 Ne6 20. Qxc5 Nxc5 21. h4
Kd7 22. Kf1 Kd6 23. Re1 Ne6 24. Ke2 Rhf8 25. Kd1 f5 26. exf5 Rxf5 27. Nd2 Rdf8
28. Ne4+ Kd7 29. Rf1 Rf3 30. Kd2 h6 31. Rae1 Nd4 32. Kc3 c5 33. Kb2 Kc6 34. Kc3
R3f7 35. Re3 Kd7 36. Rc1 Nf5 37. Rf3 Nd6 38. Rxf7+ Rxf7 39. Re1 Nxe4+ 40. Rxe4
Rxf2 41. Rxe5 Rf3 42. g4 Rh3 43. h5 Rh4 44. hxg6 Rxg4 45. Rf5 Rxg6 46. Rf7+ Kd6
47. Rh7 c6 48. Rb7 Ke5 49. Rxb6 h5 50. Rb8 Kf4 51. Rh8 Kg4 52. d4 cxd4+ 53. Kxd4
Rg5 54. c5 h4 55. Ke3 h3 56. Kf2 Rxc5 57. Rg8+ Kf4 58. Rf8+ Ke4 59. Kg3 Rc3+ 60.
Kh2 c5 61. Ra8 Rxc2+ 62. Kxh3 c4 63. Rxa5 c3 64. Ra8 Ra2 65. a5 c2 66. Re8+ Kd3
67. Rd8+ Kc3 68. Rc8+ Kb2 69. Rb8+ Ka1 70. Rc8 Kb1 0-1

[Event "45th Olympiad 2024"]
[Site "Budapest HUN"]
[Date "2024.09.13"]
[Round "3.14"]
[Board "4"]
[White "Korobov, Anton"]
[Black "Smerdon, David C"]
[Result "1-0"]
[WhiteTitle "GM"]
[BlackTitle "GM"]
[WhiteElo "2650"]
[BlackElo "2475"]
[WhiteTeam "Ukraine"]
[BlackTeam "Australia"]
[WhiteFideId "14105730"]
[BlackFideId "3202305"]
[EventDate "2024.09.11"]

1. d4 Nf6 2. c4 g6 3. Nc3 Bg7 4. e4 d6 5. Bd3 O-O 6. Nge2 Nc6 7. O-O e5 8. d5
Nd4 9. Nxd4 exd4 10. Ne2 Re8 11. Qc2 Nd7 12. b3 c5 13. f4 Nf6 14. Bd2 Ng4 15. h3
Ne3 16. Bxe3 dxe3 17. Rad1 b5 18. Rf3 bxc4 19. Bxc4 f5 20. Rxe3 fxe4 21. Rxe4
Bf5 22. Rxe8+ Qxe8 23. Bd3 Qe3+ 24. Kh2 Bd7 25. Rf1 Rf8 26. a3 Kh8 27. Rf3 Qe7
28. b4 cxb4 29. axb4 Qh4 30. Rg3 Rxf4 31. Nxf4 Qxf4 32. Qc7 Be5 33. Qd8+ Kg7 34.
Qxd7+ Kh8 35. Qg4 g5 36. Be2 h6 37. Bd3 Qe3 38. Qf3 Qf4 39. Kg1 Qd4+ 40. Qf2
Qa1+ 41. Bf1 Bd4 42. Re3 Kg7 43. g4 1-0

[Event "45th Olympiad 2024"]
[Site "Budapest HUN"]
[Date "2024.09.13"]
[Round "3.15"]
[Board "1"]
[White "Predke, Alexandr"]
[Black "Bogner, Sebastian"]
[Result "1/2-1/2"]
[WhiteTitle "GM"]
[BlackTitle "GM"]
[WhiteElo "2671"]
[BlackElo "2545"]
[WhiteTeam "Serbia"]
[BlackTeam "Switzerland"]
[WhiteFideId "24107581"]
[BlackFideId "4692055"]
[EventDate "2024.09.11"]

1. e4 e5 2. Nf3 Nf6 3. d4 Nxe4 4. Bd3 d5 5. Nxe5 Nd7 6. Nc3 Nxc3 7. bxc3 Bd6 8.
O-O O-O 9. Bf4 Bxe5 10. Bxe5 Nxe5 11. dxe5 f6 12. Qh5 f5 13. f4 Qe7 14. Qf3 Qc5+
15. Kh1 c6 16. Be2 Be6 17. Qd3 Rf7 18. a4 Qa5 19. Rfb1 Rd8 20. Qe3 Rfd7 21. Rb4
Re7 22. h3 Rf7 23. Kh2 Rdd7 24. Ra3 Rf8 25. Rb1 g6 26. Rd1 Rfd8 27. Qf2 Rf7 28.
Rd3 Rfd7 29. Ra1 c5 30. Rg3 Rg7 31. h4 h5 32. Ra3 c4 33. Ra1 Rdd7 34. Qe3 b6 35.
Qd4 Qc5 36. Qxc5 bxc5 37. Rb1 Kh7 38. Rb5 Rc7 39. Rf3 Rgd7 40. Rf1 d4 41. Rd1
Kg7 42. a5 Kf7 43. a6 Ke7 44. Kg3 Rc6 45. Ra5 dxc3 46. Rb1 Bd5 47. Ra3 Rb6 48.
Rc1 Be6 49. Rxc3 Rxa6 50. Rb1 Ra4 51. Rb5 Rc7 52. Kf2 Bd5 53. g3 Kd7 54. Ke3 Rc8
55. Rb1 Kc7 56. Kf2 Rb8 57. Rd1 Rd8 58. Rb1 Rb8 59. Rd1 Rd8 60. Rb1 Rb8 1/2-1/2

[Event "45th Olympiad 2024"]
[Site "Budapest HUN"]
[Date "2024.09.13"]
[Round "3.15"]
[Board "2"]
[White "Pelletier, Yannick"]
[Black "Sarana, Alexey"]
[Result "1/2-1/2"]
[WhiteTitle "GM"]
[BlackTitle "GM"]
[WhiteElo "2526"]
[BlackElo "2713"]
[WhiteTeam "Switzerland"]
[BlackTeam "Serbia"]
[WhiteFideId "1301837"]
[BlackFideId "24133795"]
[EventDate "2024.09.11"]

1. c4 e6 2. g3 d5 3. Bg2 Nf6 4. Nf3 Be7 5. d4 O-O 6. O-O c6 7. Qc2 b6 8. Rd1 Bb7
9. b3 Nbd7 10. Nc3 Ba6 11. Bf4 dxc4 12. bxc4 Qc8 13. Qb3 Rd8 14. e4 Ne8 15. e5
Rb8 16. a4 Nf8 17. Rac1 Rb7 18. Ne4 Rbd7 19. c5 bxc5 20. dxc5 Bc4 21. Qb1 Rxd1+
22. Rxd1 Bd5 23. Nd6 Qd7 24. Rd4 a5 25. Rd2 Qa7 26. Rb2 Bxd6 27. cxd6 c5 28. Bd2
Qa8 29. Ne1 f6 30. f4 Nd7 31. Bc3 c4 32. Bxd5 Qxd5 33. Rb5 Qc6 34. Qa2 Qe4 35.
Qf2 g5 36. Qf3 Qxf3 37. Nxf3 gxf4 38. gxf4 Ng7 39. exf6 Nf5 40. Be5 c3 41. Rb7
Nxd6 42. Bxd6 Nxf6 43. Ba3 Rd1+ 44. Kf2 Ra1 45. Rb8+ Kg7 46. Bf8+ Kg6 47. Nd4
Rxa4 48. Ne2 Rc4 49. Ba3 c2 50. Bc1 Nd5 51. Rf8 a4 52. Kf3 Nb4 53. Ke3 Na2 54.
Kd3 Nxc1+ 55. Nxc1 Kg7 56. Rf5 Rb4 57. Rg5+ Kf6 58. Rg4 a3 59. Rh4 Ra4 60. Na2
c1=Q 1/2-1/2

[Event "45th Olympiad 2024"]
[Site "Budapest HUN"]
[Date "2024.09.13"]
[Round "3.16"]
[Board "1"]
[White "Supi, Luis Paulo"]
[Black "Martirosyan, Haik M."]
[Result "1/2-1/2"]
[WhiteTitle "GM"]
[BlackTitle "GM"]
[WhiteElo "2570"]
[BlackElo "2667"]
[WhiteTeam "Brazil"]
[BlackTeam "Armenia"]
[WhiteFideId "2106388"]
[BlackFideId "13306553"]
[EventDate "2024.09.11"]

1. c4 e5 2. d3 Nc6 3. Nf3 Nf6 4. a3 d5 5. cxd5 Nxd5 6. e4 Nb6 7. Be2 Be7 8. Be3
O-O 9. Nbd2 a5 10. Rc1 Be6 11. h4 a4 12. Ng5 Bc8 13. g3 Nd4 14. Bg4 f5 15. Bh3
h6 16. Qh5 Qe8 17. Qxe8 Rxe8 18. Ngf3 Nxf3+ 19. Nxf3 fxe4 20. dxe4 Bxh3 21. Rxh3
Bd6 22. h5 Nd7 23. g4 Nf6 24. g5 hxg5 25. Nxg5 Kf8 26. Bc5 Rac8 27. Bxd6+ cxd6
28. Rhc3 Rxc3 29. Rxc3 Nxh5 30. Rc7 Re7 31. Rc8+ Re8 32. Rc7 Re7 1/2-1/2